000 00443nam a2200181Ia 4500
001 4074
005 20260306145729.0
008 260306t2001||||xx |||||||||||||| ||spa||
041 _aESP
082 _a306.85
_bH12 Nº 37
100 _aMontalat, Ramón
_eAUT
245 0 _aLos novios:
_blos misterios de la afectividad
260 _c2001
300 _a247 páginas :
_c19 cm.
650 _aGEN
654 _aCED
942 _cLIB
_dJUS
_fJUS
_2ddc
_n
999 _c4074
_d4074